Growing Cities in Ethiopia - Statistics

General Stats
  • This quiz has been taken 5 times
  • The average score is 10 of 15
Answer Stats
Population Population Gained City % Correct
3,860,000 1,120,449 Addis Ababa
100%
466,000 258,956 Gondar
100%
422,200 265,061 Hawassa
100%
350,000 194,572 Bahir Dar
75%
270,400 150,305 Dessie
75%
343,000 109,776 Dire Dawa
75%
250,900 129,940 Jimma
75%
208,400 107,946 Shashemene
75%
204,100 128,050 Sodo
75%
456,900 236,688 Adama
50%
201,000 126,121 Arba Minch
50%
457,900 241,986 Mekele
50%
158,800 99,650 Dilla
25%
188,200 118,205 Hosaena
25%
207,400 107,472 Bishtofu
0%
No matching quizzes found
Score Distribution
Percent of People with Each Score
Percentile by Number Answered
Your Score History
You have not taken this quiz